Nová ekonomika a jej postavenie v globalizujúcom sa svetovom hospodárstve

Obsahové vymedzenie pojmu nová ekonomika. Nová ekonomika v prácach zahraničných odborníkov. Stará versus nová ekonomika. Makroekonomika novej ekonomiky. Mikroekonomický pohľad na novú ekonomiku.

Na minha lista:
Detalhes bibliográficos
Autor principal: Baláž, Peter
Outros Autores: Verček, Peter
Formato: Capítulo de Livro
Idioma:eslovaco
Assuntos:
Tags: Adicionar Tag
Sem tags, seja o primeiro a adicionar uma tag!

MARC

LEADER 00000naa a2200000 4500
001 r044980
005 20240502083121.5
041 0 |a slo 
044 |a CZ 
245 1 0 |a Nová ekonomika a jej postavenie v globalizujúcom sa svetovom hospodárstve  |c Peter Baláž 
520 |a Obsahové vymedzenie pojmu nová ekonomika. Nová ekonomika v prácach zahraničných odborníkov. Stará versus nová ekonomika. Makroekonomika novej ekonomiky. Mikroekonomický pohľad na novú ekonomiku. 
610 2 0 |a spoločnosť industriálna 
610 2 0 |a technológie informačné 
610 2 0 |a hospodárstvo svetové 
610 2 0 |a makroekonomika 
610 2 0 |a mikroekonomika 
610 2 0 |a ekonomika nová 
100 1 |a Baláž, Peter 
700 1 |a Verček, Peter